| 000 | 00801nam a22002297a 4500 | ||
|---|---|---|---|
| 005 | 20240530110548.0 | ||
| 008 | 160207s2012 ua ak g b 000 0 ara d | ||
| 017 |
_8201/15397 _aمصر . دار الكتب المصرية |
||
| 020 | _a9789777169639 | ||
| 040 | _aEG-CaGPL | ||
| 082 | 0 | 4 |
_221 _a364.168\ _bأ ق |
| 100 | 0 | _aاشرف السعيد احمد | |
| 245 | 1 | 2 |
_aالقرصنة الالكترونية / _cاشرف السعيد احمد |
| 250 | _aط1 | ||
| 260 |
_aالقاهرة : _bالمؤلف ، _c2012 . |
||
| 300 |
_a140 ص : _bايض ؛ _c24 سم . |
||
| 504 | _aيشتمل على ارجاعات ببليوجرافية | ||
| 650 | 0 | 4 | _aالقرصنة الالكترونية |
| 650 | 0 | 4 | _aالحاسب الالى |
| 942 |
_2ddc _cBK |
||
| 999 |
_c62400 _d62400 |
||